College Football Playoff Teams By Year - Statistics

General Stats
  • This quiz has been taken 233 times
    198 since last reset
  • The average score is 30 of 32
Answer Stats
Year Answer % Correct
2014 Alabama
99%
2015 Alabama
99%
2016 Alabama
99%
2017 Alabama
99%
2018 Alabama
99%
2020 Alabama
99%
2021 Alabama
99%
2017 Georgia
98%
2021 Georgia
98%
2014 Ohio State
97%
2016 Ohio State
97%
2019 Ohio State
97%
2020 Ohio State
97%
2021 Michigan
96%
2015 Clemson
95%
2016 Clemson
95%
2017 Clemson
95%
2018 Clemson
95%
2019 Clemson
95%
2020 Clemson
95%
2015 Oklahoma
92%
2017 Oklahoma
92%
2018 Oklahoma
92%
2019 Oklahoma
92%
2014 Oregon
91%
2014 Florida State
90%
2019 LSU
88%
2018 Notre Dame
82%
2020 Notre Dame
82%
2021 Cincinnati
79%
2016 Washington
77%
2015 Michigan State
76%
No matching quizzes found
Score Distribution
Percent of People with Each Score
Percentile by Number Answered
Your Score History
You have not taken this quiz since the last reset